| 000 | 01017cam a2200313 a 4500 | ||
|---|---|---|---|
| 001 | 12620034 | ||
| 003 | ARRUPE | ||
| 005 | 20220513083153.0 | ||
| 008 | 010613s2001 ug a 000 0 eng | ||
| 010 | _a 2001295081 | ||
| 020 | _a9970022563 | ||
| 035 | _a(DLC) 2001295081 | ||
| 040 |
_aDLC _cDLC _dDLC |
||
| 042 | _alcode | ||
| 043 | _af-ug--- | ||
| 050 | 0 | 0 |
_aHV6250.4.G57 _bT46 2001 |
| 082 | 0 | 0 |
_a362.76/096761 _221 |
| 100 | 1 |
_aTemmerman, Els de, _d1962- _951562 |
|
| 240 | 1 | 0 |
_aMeisjes van Aboke. _lEnglish |
| 245 | 1 | 0 |
_aAboke girls : _bchildren abducted in northern Uganda / _cEls De Temmerman. |
| 260 |
_aKampala, Uganda : _bFountain Publishers, _c2001. |
||
| 300 |
_aviii, 160 p. : _bill. ; _c21 cm. |
||
| 650 | 0 |
_aGirls _xCrimes against _zUganda. _951563 |
|
| 650 | 0 |
_aAbduction _zUganda. _951564 |
|
| 651 | 0 |
_aUganda _xPolitics and government. _917745 |
|
| 906 |
_a7 _bcbc _corigode _d3 _encip _f20 _gy-gencatlg |
||
| 942 |
_2lcc _cMONOGRAPH |
||
| 999 |
_c131419 _d131419 |
||